000 00989nas a2200325 4500
001 BR2011001161
003 BR-BrBNA
005 20231205114453.0
007 ta
008 230509b bl.|||p| |||| 00| 00por d
040 _aBR-BrBNA
_bpor
_cBiblioteca Nacional de Agricultura
041 _a(En)
072 _aM12
100 1 _aBezerra, K.S.
100 1 _aSantos Neto, M.A.
100 1 _aPereira Neto, J.
100 1 _aGálvez, A.O.
100 1 _aBrito, L.O.
245 1 _aStudy of limnological variables in nurseries of Colossoma macropomum (Cuvier, 1818)and Pseudoplatystoma corruscans (Agassiz, 1829)
650 _aTAMBAQUI
650 _aVIVEIRO
650 _aFITOPLÂNCTON
650 _aZOOPLÂNCTON
650 _aAQUICULTURA
650 _aCOLOSSOMA MACROPOMUM
650 _aLIMNOLOGIA
773 0 _tRevista Caatinga (Brazil)
_xISSN 0100-316X
_g(Apr-Jun 2008), v. 21(2) p. 19-28
_wBR2011001161
909 _a202311
_bLúcia
_c55
_dLúcia Elande
942 _2AGRIS
_n0
_cANA
999 _c208918
_d208918